00650nam a2200181Ia 4500001002500000003000900025008004100034040002300075041001300098100001200111245009600123250001500219260003000234300001800264490003200282501012400314650003000438271.772 1-CAP ge (15766)IT-MiSPE171229s9999||||xx |||||||||||||| ||und|| aIT-MiSPEcIT-MiSPE aITALIANO aAA.VV.  0aAssemblea intercapitolare della Società San PaolobNew Dehli, 26 febbraio - 10 marzo 2001 a1a ed. (v) aRomabCasa Gen. SSPc2001 a41 p. c21 cm aSan Paolo: Generaliziav407 aEdizioni San Paolo srl - Piazza Soncino, 5 - 20092 CINISELLO BALSAMO (MI) (non commercial uses only) ® Copyright 2018 aCAPITOLO Generale VII SSP